<?xml version="1.0" encoding="UTF-8"?>
<record
    xmlns:xsi="http://www.w3.org/2001/XMLSchema-instance"
    xsi:schemaLocation="http://www.loc.gov/MARC21/slim http://www.loc.gov/standards/marcxml/schema/MARC21slim.xsd"
    xmlns="http://www.loc.gov/MARC21/slim">

  <leader>00673nam a22001937a 4500</leader>
  <datafield tag="999" ind1=" " ind2=" ">
    <subfield code="c">172874</subfield>
    <subfield code="d">172874</subfield>
  </datafield>
  <controlfield tag="005">20200214115930.0</controlfield>
  <datafield tag="010" ind1=" " ind2=" ">
    <subfield code="a">A-414648</subfield>
  </datafield>
  <datafield tag="020" ind1=" " ind2=" ">
    <subfield code="c">21.00</subfield>
  </datafield>
  <datafield tag="035" ind1=" " ind2=" ">
    <subfield code="a">A-414648</subfield>
  </datafield>
  <datafield tag="037" ind1=" " ind2=" ">
    <subfield code="b">BPPD/Pub.</subfield>
  </datafield>
  <datafield tag="082" ind1=" " ind2=" ">
    <subfield code="a">921</subfield>
  </datafield>
  <datafield tag="100" ind1=" " ind2=" ">
    <subfield code="a">&#x631;&#x634;&#x6CC;&#x62F; &#x627;&#x644;&#x62F;&#x6CC;&#x646; &#x62D;&#x627;&#x646;</subfield>
  </datafield>
  <datafield tag="245" ind1=" " ind2=" ">
    <subfield code="a">&#x645;&#x648;&#x644;&#x627;&#x646;&#x627; &#x627;&#x628;&#x648;&#x627;&#x644;&#x6A9;&#x644;&#x627;&#x645; &#x622;&#x632;&#x627;&#x62F;:</subfield>
    <subfield code="b">&#x634;&#x62E;&#x635;&#x6CC;&#x62A; &#x60C; &#x633;&#x6CC;&#x627;&#x633;&#x62A; &#x67E;&#x6CC;&#x63A;&#x627;&#x645; /</subfield>
    <subfield code="c">&#x631;&#x634;&#x6CC;&#x62F; &#x627;&#x644;&#x62F;&#x6CC;&#x646; &#x62D;&#x627;&#x646;</subfield>
  </datafield>
  <datafield tag="246" ind1=" " ind2=" ">
    <subfield code="a">Maulana Abul Kalam Azad: Shakhsiat, Siyasat, Paigham /</subfield>
    <subfield code="b">by Rasheeduddin Khan</subfield>
  </datafield>
  <datafield tag="260" ind1=" " ind2=" ">
    <subfield code="a">New Delhi</subfield>
    <subfield code="b">Taraqqi Urdu Bureau</subfield>
    <subfield code="c">1989 &#x621;</subfield>
  </datafield>
  <datafield tag="270" ind1=" " ind2=" ">
    <subfield code="a">West Block 8, R.K. Puram</subfield>
    <subfield code="b">New Delhi</subfield>
    <subfield code="e">110066</subfield>
  </datafield>
  <datafield tag="300" ind1=" " ind2=" ">
    <subfield code="a">336p.</subfield>
    <subfield code="c">20cm(Hb)</subfield>
  </datafield>
  <datafield tag="942" ind1=" " ind2=" ">
    <subfield code="2">ddc</subfield>
    <subfield code="c">UR</subfield>
    <subfield code="h">921</subfield>
    <subfield code="m">&#x627; &#x628; &#x648;</subfield>
  </datafield>
  <datafield tag="952" ind1=" " ind2=" ">
    <subfield code="0">0</subfield>
    <subfield code="1">0</subfield>
    <subfield code="4">0</subfield>
    <subfield code="7">0</subfield>
    <subfield code="8">NFIC</subfield>
    <subfield code="a">L</subfield>
    <subfield code="b">L</subfield>
    <subfield code="d">2020-02-14</subfield>
    <subfield code="e">BPPD/Ven.</subfield>
    <subfield code="g">21.00</subfield>
    <subfield code="l">0</subfield>
    <subfield code="o">921 &#x627; &#x628; &#x648;</subfield>
    <subfield code="p">A-414648</subfield>
    <subfield code="r">2020-02-14 00:00:00</subfield>
    <subfield code="t">1</subfield>
    <subfield code="v">21.00</subfield>
    <subfield code="w">2020-02-14</subfield>
    <subfield code="y">UR</subfield>
  </datafield>
</record>
